000 00502nam a22001697a 4500
005 20251126142702.0
008 251126b |||||||| |||| 00| 0 eng d
020 _a978-1-111-30792-9
100 _aBASTA, ALFRED
245 _aMATHEMATICS FOR INFORMATION TECHNOLOGY
260 _aCLIFTON PARK
_bDELMAR CENGAGE
_c2014
300 _aXVI, 557P.
500 _aINCLUDES INDEX
650 _a1. MAATHEMATICS - STUDY AND TEACHING 2. INFORMATION TECHNOLOGY
700 _aDELONG, STEPHAN
942 _2lcc
_cBK
999 _c216295
_d216295